LEADER 01407nam 2200337Ia 450 001 996384809903316 005 20221108042420.0 035 $a(CKB)4940000000075390 035 $a(EEBO)2240945277 035 $a(OCoLC)12170453 035 $a(EXLCZ)994940000000075390 100 $a19850618d1643 uy | 101 0 $aeng 135 $aurbn||||a|bb| 200 10$aTwo ordinances of the Lords and Commons assembled in Parliament$b[electronic resource] $ethe one for the speedy raising and levying of money for the maintenance of the army raised by the Parliament and other great affaires of the Common-wealth : by a weekly assessment upon the cities of London and Westminster and every county and city of the Kingdome of England, and Dominion of Wales : the other an ordinance of additions to the same 210 $aLondon $cPrinted for Edw. Husbands ...$d1643 215 $a[2], 30 p 300 $aReproduction of original in Thomason Collection, British Library. 330 $aeebo-0158 606 $aTaxation$zEngland$xLaw and legislation 607 $aGreat Britain$xHistory$yCivil War, 1642-1649 615 0$aTaxation$xLaw and legislation. 801 0$bEAA 801 1$bEAA 801 2$bm/c 801 2$bUMI 801 2$bWaOLN 906 $aBOOK 912 $a996384809903316 996 $aTwo ordinances of the Lords and Commons assembled in Parliament$92299709 997 $aUNISA LEADER 02457nam 22005534a 450 001 9910780180503321 005 20230422042513.0 010 $a0-8144-2554-2 035 $a(CKB)111056486724192 035 $a(EBL)228376 035 $a(OCoLC)475936215 035 $a(SSID)ssj0000079258 035 $a(PQKBManifestationID)11118850 035 $a(PQKBTitleCode)TC0000079258 035 $a(PQKBWorkID)10066536 035 $a(PQKB)11753095 035 $a(MiAaPQ)EBC228376 035 $a(Au-PeEL)EBL228376 035 $a(CaPaEBR)ebr10044963 035 $a(OCoLC)49414590 035 $a(EXLCZ)99111056486724192 100 $a20000331d2000 uy 0 101 0 $aeng 135 $aur|n|---||||| 181 $ctxt 182 $cc 183 $acr 200 14$aThe accidental salesperson$b[electronic resource] $ehow to take control of your sales career and earn the respect and income you deserve /$fChris Lytle 210 $aNew York $cAMACOM$dc2000 215 $a1 online resource (209 p.) 300 $aDescription based upon print version of record. 311 $a0-8144-7083-1 320 $aIncludes bibliographical references and index. 327 $aContents; Introduction; Chapter 1: The Choice; Chapter 2 The Chart; Chapter 3 The Challenge; Chapter 4: Sales Department or Sales FORCE?; Chapter 5: Lessons from ''The Tour''; Chapter 6: Why You Must Quit Making Sales Calls; Chapter 7: Getting in to See Anybody: Steps 3-9 in Your Process; Chapter 8: What to Do if You ''Accidentally'' Get an Appointment Steps 10 11 and 12; Chapter 9: Do You Qualify? Steps 12 (Continued) and 13; Chapter 10: Doing the Work before You Get Paid for It and Other Secrets of SuccessSteps 14 and 15; Chapter 11: ''Closing'' Is a Funny Word for It: Step 16 327 $aChapter 12 No Dessert until You Finish Your PeasChapter 13: Service Is Not Something You Do When You're Too Tired to Sell; Conclusion Working Your Way to Success; Index 330 $aFor all those salespeople who never planned on a career in sales...a unique, new plan to improve their selling skills. 606 $aSelling 606 $aSuccess in business 615 0$aSelling. 615 0$aSuccess in business. 676 $a658.85 700 $aLytle$b Chris$01477517 801 0$bMiAaPQ 801 1$bMiAaPQ 801 2$bMiAaPQ 906 $aBOOK 912 $a9910780180503321 996 $aThe accidental salesperson$93692717 997 $aUNINA